[Event "Tehran Fajr Cup"]
[Site "Tehran"]
[Date "2013.02.09"]
[Round "15"]
[White "Derakhshan, Alireza"]
[Black "Haddadi, Rezvaneh"]
[Result "0-1"]
[WhiteElo "1695"]
[BlackElo "1754"]
[PlyCount "64"]
[EventDate "2013.02.09"]
[EventType "tourn"]
[EventRounds "15"]
[EventCountry "IRI"]
[SourceTitle "EXT 2024"]
[Source "ChessBase"]
[SourceDate "2023.10.10"]
[SourceVersion "1"]
[SourceVersionDate "2023.10.10"]
[SourceQuality "1"]

1. d4 e6 2. e4 b6 3. c4 Bb7 4. Bd3 f5 5. Nc3 Bb4 6. Qe2 Nf6 7. f3 fxe4 8. fxe4 Bxc3+ 9. bxc3 Nxe4 10. Bxe4 Qh4+ 11. Kd2 Qxe4 12. Qxe4 Bxe4 13. Nf3 Nc6 14. Rf1 0-0 15. h3 Na5 16. c5 Nc4+ 17. Ke2 bxc5 18. dxc5 Bxf3+ 19. Rxf3 Rxf3 20. Kxf3 Rb8 21. Be3 Nxe3 22. Kxe3 Rb2 23. g4 g6 24. a4 Rb3 25. Kd3 Kg7 26. Rf1 Ra3 27. a5 Rxa5 28. Kd4 Ra4+ 29. c4 Ra3 30. h4 h6 31. g5 hxg5 32. hxg5 Rg3 0-1